|
|
|
|
| LEADER |
00000ny a22000003n 4500 |
| 005 |
20110602151039.0 |
| 008 |
950317s1994 sp 000 spa c |
| 017 |
|
|
|a Z884-1994
|
| 020 |
|
|
|a 8476982844
|
| 035 |
|
|
|a 1164
|
| 040 |
|
|
|a UMA.DER
|d vLex
|
| 040 |
|
|
|a UMA.RE
|d vLex
|
| 080 |
|
|
|a 347.65(460)(0.034)
|
| 090 |
|
|
|c 440
|d 440
|
| 100 |
1 |
|
|a Sǹchez-Rubio Garca̕, Alfredo
|
| 245 |
1 |
0 |
|a Derechos sucesorios de los hijos adoptivos en el Cd̤igo civil
|h [Recurso electrn̤ico]
|b (problemas de derecho transitorio) /
|c Alfredo Sǹchez-Rubio Garca̕
|
| 256 |
|
|
|a Servicio en ln̕ea
|
| 260 |
|
|
|a Barcelona :
|b Bosch,
|c 1994
|
| 300 |
|
|
|a 238 p. ;
|c 24 cm
|
| 506 |
1 |
|
|a Contenido solo disponible en los productos indicados
|d vLex Global
|d vLex Global (Academic Edition, excluding Law Schools)
|d vLex Global (U.S. Academic Edition, Law Schools)
|d vLex Global (U.S. Academic Edition, excluding Law Schools)
|d vLex Global (Academic Edition, Law Schools)
|
| 650 |
0 |
7 |
|a Sucesorio
|2 Tesauro vLex
|
| 650 |
0 |
7 |
|a Herederos
|2 Tesauro vLex
|
| 650 |
0 |
7 |
|a Derechos sucesorios
|2 Tesauro vLex
|
| 650 |
0 |
7 |
|a Hijos
|2 Tesauro vLex
|
| 650 |
0 |
7 |
|a Adopcin̤
|2 Tesauro vLex
|
| 740 |
0 |
|
|a vLex Libros (Servicios en ln̕ea)
|
| 856 |
4 |
0 |
|u http://vlex.com/source/1164
|z Acceso restringido
|
| 942 |
|
|
|c BOOK
|
| 999 |
0 |
|
|a Inheritance and succession
|b Barcelona
|